harry potter- There once was a boy named harry lyrics quiz - Statistics

General Stats
  • This quiz has been taken 875 times
    227 since last reset
  • The average score is 39 of 56
Answer Stats
Hint Answer % Correct
there once was a boy named _ _ _ _ _ harry
100%
voldemort
97%
his _ _ _ _ _ _ were killed by _ _ _ _ _ _ _ _ _ parents
96%
and meets _ _ _ and hermione ron
95%
harry goes to _ _ _ _ _ _ _ _ hogwarts
93%
who gave him a _ _ _ _ _ _ _ _ scar lightning
88%
who was _ _ _ _ _ _ _ _ to be a star destined
83%
the rats _ man a
82%
draco is a _ _ _ _ _'s boy daddy
81%
tom _ _ _ _ _ _hides his _ _ _ _ _ in his ginormous _ _ _ _ _ _chamber riddle
81%
harry _ _ _ _ _up aunt marge blows
79%
who just _ _ happens to be _ _ _ _ _ _ godfather so
79%
ron breacks his _ _ _ _ wand
79%
harry's
78%
secret
78%
mcgonagall requires he _ _ _ _ for _ _ _ _ _ _ _ _ _ _ play
77%
save the prisoner of _ _ _ _ _ _ _ azkaban
76%
harry gets put in the _ _ _ _ _ _ _ _ tournament triwizard
76%
gryffindor
75%
lupins a _ _ _ _ wolf
75%
the dementors come and _ _ _ _ charge take
74%
with _ _ _ _ _ _ _ and mermaids dragons
73%
snake
73%
danger
72%
i don't really _ _ _ it either get
72%
and harry's _ _ mortal _ _ _ _ _ _ in
72%
he _ _ forced to _ _ _ _ _ the school is
72%
now ginny's _ _ _ _ gone
71%
they use _ _ _ _ travel so they can time
71%
sirius _ _ _ _ _ is dead _ _ can be black
69%
oh no _ _ _ _ _ _ cullen gets slayed edward
69%
named
67%
quirrel _ _ _ _ _ _ _unemployed becomes
66%
destroyed
66%
leave
65%
there _ _ _ _was a boy _ _ _ _ _ harry once
65%
as
63%
and now the _ _ _ _ _ _ _ _ is at large prisoner
63%
dumbledore dumbledore _ _ _ is he ignoring your _ _ _ _ _ _ _ _ attempts to contact him why
63%
he's _ _ _ _ back
62%
Dunbledoors _ _ _ _ and your a revolutonary harry Back
62%
the _ _ _ _ _ _ _ _ _ stone is _ _ _ _ _ _ _ _ _ by dumbledore sorcerers
62%
harry harry it's _ _ _ _ _ _ _scary getting
59%
breath
57%
between
55%
seven _ _ _ _ _ of a whole there _ _ _ _ _ _ _ _! parts
55%
kids _ _ _ _ _ into the ministry break
53%
constant
53%
horcruxes
53%
_ _ _ _ _ your soul split
53%
death
51%
he _ _ _ take his final _ _ _ _ _ _ may
50%
_ _ _ _ _ _ a tool dracos
49%
who _ _ _ _ _ _ _ _ _ _ conquired _ _ _ _ _ constantly
46%
it's _ _ _ _ _ _ _ _ _ end dumbledores
46%
but in _ _ _ final duel _ _ _ _ _ _ _ good and bad one
45%
No matching quizzes found
Score Distribution
Percent of People with Each Score
Percentile by Number Answered
Your Score History
You have not taken this quiz since the last reset